Prom Queen- Beach Bunny - Statistics

General Stats
  • This quiz has been taken 86 times
  • The average score is 130 of 158
Answer Stats
Answer % Correct
I
98%
was
98%
you
98%
You
98%
blondie,
96%
calories
96%
count
96%
good
96%
in
96%
jeans
96%
like
96%
look
96%
never
96%
perfect
96%
Prom
96%
Queen
96%
Shut
96%
up,
96%
Wish
96%
your
96%
body
95%
hard
95%
harder
95%
Maybe
95%
mom
95%
should
95%
try
95%
Blue-eyed
93%
If
91%
lower
91%
expectations
89%
get
89%
I'm
89%
me?
89%
me
89%
will
89%
a
88%
do
88%
more
88%
no
88%
pretty,
88%
Barbie
86%
be
86%
he
86%
out
86%
think
86%
cut
84%
for
84%
my
79%
beauty
77%
to
77%
happy
73%
They
71%
boys
70%
insecurities
70%
is
70%
makes
70%
Quick-Curl
70%
say
70%
wanna
70%
don't
68%
I've
68%
okay
68%
standards
68%
way
66%
Dissect
64%
how
64%
been
63%
are
61%
certain
61%
emotions
61%
getting
61%
It's
61%
myself,
61%
only
61%
project
61%
showing
61%
starving
61%
surgical
61%
Teach
61%
want
61%
bones
59%
breathe
59%
pain
59%
You'll
59%
Skin
55%
until
55%
defect
54%
downplay
52%
plastic
52%
wrap
50%
cheeks
46%
There's
45%
carving
41%
from
30%
No matching quizzes found
Score Distribution
Percent of People with Each Score
Percentile by Number Answered
Your Score History
You have not taken this quiz